[Event "HUN-ch U18"]
[Site "Balatonlelle"]
[Date "2016.06.29"]
[Round "6"]
[White "Fodor, Balazs"]
[Black "Varga, Richard"]
[Result "1-0"]
[WhiteElo "2061"]
[BlackElo "1953"]
[PlyCount "85"]
[EventDate "2016.06.24"]
[EventType "swiss"]
[EventRounds "7"]
[EventCountry "HUN"]
[SourceTitle "CBM 173 Extra"]
[Source "ChessBase"]
[SourceDate "2016.08.29"]
[SourceVersion "1"]
[SourceVersionDate "2016.08.29"]
[SourceQuality "1"]

1. d4 Nf6 2. c4 g6 3. Nc3 Bg7 4. g3 0-0 5. Bg2 d6 6. Nf3 Nc6 7. 0-0 Bg4 8. h3 Bxf3 9. Bxf3 Nd7 10. e3 e5 11. d5 Ne7 12. e4 f5 13. Bg2 a5 14. Qe2 h6 15. Bd2 g5 16. exf5 Nxf5 17. Be3 Nd4 18. Bxd4 exd4 19. Nb5 Nc5 20. Rad1 d3 21. Qd2 Qd7 22. Rfe1 Rf7 23. Rf1 Raf8 24. Qxa5 c6 25. Nc3 Bd4 26. Rd2 Be3 27. Nd1 Bxd2 28. Qxd2 Re7 29. Ne3 Qe8 30. dxc6 bxc6 31. b4 Ne4 32. Bxe4 Rxe4 33. Qxd3 Qe6 34. Rd1 Rf6 35. a4 d5 36. cxd5 cxd5 37. Qc3 Qb6 38. Rxd5 Rxb4 39. a5 Rb1+ 40. Kg2 Qe6 41. Qd3 Rb2 42. Rd8+ Kf7 43. Qh7# 1-0

[Event "HUN-chT2 Charousek 1516"]
[Site "Hungary"]
[Date "2015.12.06"]
[Round "4.12"]
[White "Salavecz, Gergely"]
[Black "Varga, Richard"]
[Result "0-1"]
[WhiteElo "1966"]
[BlackElo "1960"]
[PlyCount "112"]
[EventDate "2015.10.18"]
[EventType "team-tourn"]
[EventRounds "9"]
[EventCountry "HUN"]
[SourceTitle "CBM 170 Extra"]
[Source "ChessBase"]
[SourceDate "2016.02.25"]
[SourceVersion "1"]
[SourceVersionDate "2016.02.25"]
[SourceQuality "1"]
[WhiteTeam "Balatonfuered"]
[BlackTeam "Aquaprofit II"]
[WhiteTeamCountry "HUN"]
[BlackTeamCountry "HUN"]

1. e4 c5 2. Nf3 d6 3. d4 cxd4 4. Nxd4 Nf6 5. Nc3 g6 6. Be3 Bg7 7. f3 0-0 8. Qd2 Nc6 9. 0-0-0 d5 10. Kb1 Rb8 11. Ndb5 a6 12. Na7 e6 13. Qf2 Qe8 14. exd5 Nxd5 15. Nxd5 exd5 16. Bf4 Bf5 17. g4 Be6 18. Nxc6 bxc6 19. Bxb8 Qxb8 20. c3 Bxc3 21. Bxa6 Bg7 22. Rc1 Qa8 23. Bd3 Rb8 24. Rc2 Qa3 25. Rd1 c5 26. h3 d4 27. Bc4 Bxc4 28. Rxc4 Qa5 29. Qd2 Qb5 30. Qc2 Bf8 31. b3 Re8 32. Rd3 Qa5 33. b4 Qb5 34. a4 Qb6 35. b5 Qa5 36. Qd2 Qb6 37. Rb3 Qe6 38. Qd3 Qe1+ 39. Rc1 Qa5 40. Qc4 Qb6 41. Rc2 Re1+ 42. Ka2 Re8 43. Re2 Ra8 44. f4 Ra5 45. Re8 Kg7 46. Rc8 Be7 47. Rc6 Qa7 48. Ka3 Bd8 49. Ra6 Qe7 50. Rxa5 Qe1 51. Rb2 Bxa5 52. b6 Bc3 53. b7 Qa1+ 54. Ra2 Qc1+ 55. Kb3 Qb1+ 56. Ka3 Bb4+ 0-1

[Event "HUN-chT U18"]
[Site "Budapest"]
[Date "2015.08.27"]
[Round "2.17"]
[White "Olle, Rebeka Sara"]
[Black "Varga, Richard"]
[Result "1-0"]
[WhiteElo "1813"]
[BlackElo "1941"]
[PlyCount "64"]
[EventDate "2015.08.26"]
[EventType "team-swiss"]
[EventRounds "8"]
[EventCountry "HUN"]
[SourceTitle "EXT 2016"]
[Source "ChessBase"]
[SourceDate "2015.10.08"]
[SourceVersion "1"]
[SourceVersionDate "2015.10.08"]
[SourceQuality "1"]

1. e4 c5 2. Nc3 Nc6 3. f4 g6 4. Nf3 Bg7 5. Bc4 e6 6. f5 Nge7 7. fxe6 fxe6 8. d3 0-0 9. 0-0 a6 10. a4 Nd4 11. Bg5 h6 12. Bh4 g5 13. Bg3 Ng6 14. Nxd4 Bxd4+ 15. Kh1 Rxf1+ 16. Qxf1 Qe7 17. Qe2 b6 18. Nd5 Qd8 19. Bc7 Qe8 20. c3 Be5 21. Bxe5 exd5 22. Bxd5+ Kh7 23. Bxa8 Qxe5 24. Qf3 Kg7 25. Rf1 Qe7 26. d4 d6 27. Bd5 Be6 28. Bxe6 Qxe6 29. d5 Qe7 30. Qf5 Ne5 31. Qc8 Ng6 32. Qe6 Qd8 1-0

[Event "HUN-ch U18"]
[Site "Balatonlelle"]
[Date "2015.06.20"]
[Round "3"]
[White "Varga, Richard"]
[Black "Marton, Benedek"]
[Result "0-1"]
[WhiteElo "2097"]
[BlackElo "1514"]
[PlyCount "52"]
[EventDate "2015.06.18"]
[EventType "swiss"]
[EventRounds "7"]
[EventCountry "HUN"]
[SourceTitle "CBM 167 Extra"]
[Source "ChessBase"]
[SourceDate "2015.09.14"]
[SourceVersion "1"]
[SourceVersionDate "2015.09.14"]
[SourceQuality "1"]

1. d4 d5 2. Nf3 Bf5 3. c4 e6 4. Nc3 Nf6 5. Bf4 Bb4 6. Qa4+ Nc6 7. Ne5 Bxc3+ 8. bxc3 0-0 9. Nxc6 Qd7 10. e3 bxc6 11. c5 Nh5 12. Bg5 Rfe8 13. Be2 Bg6 14. g4 Nf6 15. Bf4 e5 16. Bxe5 Nxg4 17. Bf4 Nf6 18. Qa5 Re7 19. Bg5 Qf5 20. Bxf6 Qxf6 21. Qa6 Rae8 22. Bd3 Qh4 23. 0-0 Qg4+ 24. Kh1 Qf3+ 25. Kg1 Be4 26. Bxe4 Rxe4 0-1

[Event "HUN-ch U18"]
[Site "Balatonlelle"]
[Date "2015.06.19"]
[Round "2"]
[White "Benedeczky, Lehel"]
[Black "Varga, Richard"]
[Result "1-0"]
[WhiteElo "2105"]
[BlackElo "2097"]
[PlyCount "75"]
[EventDate "2015.06.18"]
[EventType "swiss"]
[EventRounds "7"]
[EventCountry "HUN"]
[SourceTitle "CBM 167 Extra"]
[Source "ChessBase"]
[SourceDate "2015.09.14"]
[SourceVersion "1"]
[SourceVersionDate "2015.09.14"]
[SourceQuality "1"]

1. d4 Nf6 2. Nf3 g6 3. Nbd2 Bg7 4. e4 d6 5. Bd3 0-0 6. 0-0 Nbd7 7. Re1 e5 8. c3 Nh5 9. Nc4 Qe7 10. b4 Nb6 11. Ne3 exd4 12. cxd4 c5 13. bxc5 dxc5 14. Ba3 Nd7 15. Rc1 Rd8 16. Nd5 Qf8 17. Bb5 b6 18. Bxd7 Bxd7 19. Ne5 Be6 20. Nc6 Bxd5 21. exd5 Bxd4 22. Qxd4 cxd4 23. Bxf8 Rxf8 24. d6 d3 25. Red1 Nf4 26. Kf1 Kg7 27. d7 Kf6 28. d8Q+ Rfxd8 29. Nxd8 Rxd8 30. Rc3 Rd4 31. g3 Ne6 32. Rdxd3 Rb4 33. Ra3 a5 34. Rab3 Ra4 35. a3 Ke5 36. Rxb6 f5 37. Re3+ Re4 38. Rxe4+ 1-0

[Event "HUN-ch U18"]
[Site "Balatonlelle"]
[Date "2015.06.18"]
[Round "1"]
[White "Varga, Richard"]
[Black "Juhasz, Armin"]
[Result "0-1"]
[WhiteElo "2097"]
[BlackElo "2301"]
[PlyCount "64"]
[EventDate "2015.06.18"]
[EventType "swiss"]
[EventRounds "7"]
[EventCountry "HUN"]
[SourceTitle "CBM 167 Extra"]
[Source "ChessBase"]
[SourceDate "2015.09.14"]
[SourceVersion "1"]
[SourceVersionDate "2015.09.14"]
[SourceQuality "1"]

1. e4 c6 2. d4 d5 3. Nc3 dxe4 4. Nxe4 Bf5 5. Ng3 Bg6 6. h4 h6 7. Nf3 e6 8. h5 Bh7 9. Bd3 Bxd3 10. Qxd3 Nf6 11. Bf4 Bd6 12. Ne5 0-0 13. Ne4 Nxe4 14. Qxe4 Qa5+ 15. c3 Bxe5 16. Bxe5 Nd7 17. Bf4 Rfe8 18. Be3 Rad8 19. a3 Qd5 20. Qc2 b5 21. 0-0-0 Nb6 22. g4 Nc4 23. Qe2 f6 24. Kb1 Qe4+ 25. Ka2 a5 26. Rhe1 Qd5 27. b3 Nd6 28. Qc2 a4 29. Kb2 axb3 30. Qxb3 Nc4+ 31. Ka2 Ra8 32. Bc1 Ra4 0-1

[Event "HUN-chT2 Asztalos 1415"]
[Site "Hungary"]
[Date "2015.02.08"]
[Round "6"]
[White "Varga, Richard"]
[Black "Jager, Laszlo"]
[Result "1-0"]
[WhiteElo "2036"]
[BlackElo "1882"]
[PlyCount "67"]
[EventDate "2014.10.12"]
[EventType "team-tourn"]
[EventRounds "9"]
[EventCountry "HUN"]
[SourceTitle "EXT 2016"]
[Source "ChessBase"]
[SourceDate "2015.10.08"]
[SourceVersion "1"]
[SourceVersionDate "2015.10.08"]
[SourceQuality "1"]
[WhiteTeam "Nagyatad"]
[BlackTeam "Baja Spartacus"]
[WhiteTeamCountry "HUN"]
[BlackTeamCountry "HUN"]

1. e4 c5 2. Nf3 Nc6 3. d4 cxd4 4. Nxd4 g6 5. c4 Bg7 6. Be3 Nf6 7. Nc3 0-0 8. Be2 Nxd4 9. Bxd4 d6 10. Qd2 b6 11. 0-0 Bb7 12. Rac1 Nd7 13. Bxg7 Kxg7 14. Rfd1 h6 15. Qe3 Rc8 16. Nb5 Ra8 17. f4 a6 18. Nd4 e5 19. fxe5 dxe5 20. Nf3 Qe7 21. Bd3 Rfd8 22. Rd2 f6 23. Rcd1 Qc5 24. Kf2 Qxe3+ 25. Kxe3 Nc5 26. Ng1 Kf7 27. Ne2 Ke7 28. Nc3 Nxd3 29. Rxd3 Rxd3+ 30. Rxd3 Rd8 31. g4 Rxd3+ 32. Kxd3 f5 33. gxf5 gxf5 34. exf5 1-0

[Event "HUN-ch U16"]
[Site "Balatonlelle"]
[Date "2014.06.27"]
[Round "8"]
[White "Varga, Richard"]
[Black "Kaczur, Florian"]
[Result "0-1"]
[WhiteElo "1997"]
[BlackElo "2289"]
[PlyCount "106"]
[EventDate "2014.06.20"]
[EventType "swiss"]
[EventRounds "9"]
[EventCountry "HUN"]
[SourceTitle "EXT 2024"]
[Source "ChessBase"]
[SourceDate "2023.10.10"]
[SourceVersion "1"]
[SourceVersionDate "2023.10.10"]
[SourceQuality "1"]

1. e4 c5 2. Nf3 Nc6 3. d4 cxd4 4. Nxd4 e5 5. Nb5 d6 6. N1c3 a6 7. Na3 Be6 8. Nc4 b5 9. Ne3 Nf6 10. Bd3 Be7 11. Ncd5 0-0 12. 0-0 Rb8 13. a4 Qd7 14. c3 Qb7 15. Qe2 Bd8 16. Rd1 Bxd5 17. Nxd5 Nxd5 18. exd5 Ne7 19. axb5 axb5 20. Be3 Bb6 21. b3 Bxe3 22. Qxe3 Nxd5 23. Bxh7+ Kh8 24. Qf3 Nf6 25. Qxb7 Rxb7 26. Bd3 d5 27. f3 Rc8 28. Ra5 Rxc3 29. Bxb5 Rxb3 30. Bc6 Rb1 31. Rxb1 Rxb1+ 32. Kf2 Rb2+ 33. Kf1 Rd2 34. Ra7 Rc2 35. Bb5 Rb2 36. Be2 Kg8 37. Ra8+ Kh7 38. Ra7 Kg6 39. Bd3+ e4 40. fxe4 dxe4 41. Bc4 Ng4 42. Bxf7+ Kf6 43. h3 Ne3+ 44. Kg1 Rxg2+ 45. Kh1 Rd2 46. Bg8 Nf5 47. Kg1 Nd4 48. Ra3 Nf3+ 49. Kf1 Kg5 50. Bh7 Kf4 51. Ra7 e3 52. Rf7+ Kg3 53. Rxg7+ Kh2 0-1

[Event "HUN-ch U16"]
[Site "Balatonlelle"]
[Date "2014.06.22"]
[Round "3"]
[White "Varga, Richard"]
[Black "Majnay, Peter"]
[Result "1/2-1/2"]
[WhiteElo "1997"]
[BlackElo "1584"]
[PlyCount "117"]
[EventDate "2014.06.20"]
[EventType "swiss"]
[EventRounds "9"]
[EventCountry "HUN"]
[SourceTitle "EXT 2024"]
[Source "ChessBase"]
[SourceDate "2023.10.10"]
[SourceVersion "1"]
[SourceVersionDate "2023.10.10"]
[SourceQuality "1"]

1. e4 e6 2. d4 d5 3. Nd2 Nf6 4. e5 Nfd7 5. Bd3 b6 6. Ne2 Ba6 7. Nf3 Bxd3 8. Qxd3 c5 9. c3 Nc6 10. 0-0 Be7 11. Bd2 Qc7 12. Rac1 c4 13. Qc2 h6 14. Ne1 b5 15. f4 g6 16. g4 Qb6 17. Ng2 0-0-0 18. b3 a6 19. Ne3 h5 20. g5 Kc7 21. Kg2 Rb8 22. Rb1 Qa5 23. h4 Rhc8 24. Ng3 Nb6 25. Ra1 Rd8 26. Rfb1 Nc8 27. Ne2 Nb6 28. Be1 Bf8 29. Nd1 Nd7 30. Nc1 Rdc8 31. a4 bxa4 32. bxc4 dxc4 33. Ne3 Nb6 34. Kg3 Rd8 35. Ne2 a3 36. Bd2 Qa4 37. Rxb6 Qxc2 38. Rxc6+ Kxc6 39. Nxc2 Rb2 40. d5+ Rxd5 41. Ned4+ Kc7 42. Bc1 Rb8 43. Bxa3 Bxa3 44. Rxa3 a5 45. Ra4 Rc5 46. Na3 Rb2 47. Nxc4 Rb1 48. Kf2 Rh1 49. Nd6 Rxh4 50. Kg2 Rg4+ 51. Kf3 Rxc3+ 52. Ke4 Rc1 53. Nxf7 Re1+ 54. Kf3 Rgg1 55. Ne2 Rgf1+ 56. Ke3 h4 57. Nh6 h3 58. Ng4 Rg1 59. Nf2 1/2-1/2

[Event "Budapest Art Pub Cup 3rd"]
[Site "Budapest"]
[Date "2014.01.03"]
[Round "2"]
[White "Varga, Richard"]
[Black "Laszlo, Imre"]
[Result "1/2-1/2"]
[WhiteElo "1986"]
[BlackElo "2157"]
[PlyCount "50"]
[EventDate "2014.01.02"]
[EventType "swiss"]
[EventRounds "7"]
[EventCountry "HUN"]
[SourceTitle "CBM 158 Extra"]
[Source "ChessBase"]
[SourceDate "2014.02.28"]
[SourceVersion "1"]
[SourceVersionDate "2014.02.28"]
[SourceQuality "1"]

1. e4 e6 2. d4 d5 3. Nd2 c5 4. exd5 exd5 5. Bb5+ Bd7 6. Qe2+ Be7 7. dxc5 Nf6 8. Nb3 0-0 9. Be3 Re8 10. 0-0-0 a6 11. Bxd7 Nbxd7 12. Qd3 Rc8 13. Nf3 Nxc5 14. Nxc5 Bxc5 15. Bxc5 Rxc5 16. Rhe1 h6 17. Nd2 Rc8 18. f3 Qc7 19. Nb3 Qxh2 20. Qd2 Qg3 21. Nd4 Rxe1 22. Rxe1 Re8 23. Rxe8+ Nxe8 24. Nf5 Qe5 25. Qxd5 Qxd5 1/2-1/2

[Event "HUN-chT2 Asztalos 1314"]
[Site "Hungary"]
[Date "2013.09.22"]
[Round "2"]
[White "Jager, Laszlo"]
[Black "Varga, Richard"]
[Result "0-1"]
[WhiteElo "1891"]
[BlackElo "1968"]
[PlyCount "48"]
[EventDate "2013.09.08"]
[EventType "team-tourn"]
[EventRounds "9"]
[EventCountry "HUN"]
[SourceTitle "EXT 2016"]
[Source "ChessBase"]
[SourceDate "2015.10.08"]
[SourceVersion "1"]
[SourceVersionDate "2015.10.08"]
[SourceQuality "1"]
[WhiteTeam "Baja"]
[BlackTeam "Nagyatad"]
[WhiteTeamCountry "HUN"]
[BlackTeamCountry "HUN"]

1. e4 c5 2. Nf3 d6 3. d4 cxd4 4. Nxd4 Nf6 5. Nc3 g6 6. Be3 Bg7 7. f3 0-0 8. Qd2 Nc6 9. 0-0-0 d5 10. Nxd5 Nxd5 11. exd5 Qxd5 12. Nb3 Qe5 13. c3 Rd8 14. Qxd8+ Nxd8 15. Rxd8+ Bf8 16. Bd2 Qc7 17. Rd4 e5 18. Re4 Bf5 19. Re1 a5 20. g4 Be6 21. Kb1 a4 22. Nc1 a3 23. Nb3 axb2 24. Kxb2 Qd6 0-1